| 000 | 00464nam a2200157 4500 | ||
|---|---|---|---|
| 005 | 20260317121157.0 | ||
| 008 | cuc123 | ||
| 020 | _a9780761936718 | ||
| 050 |
_aHG 5993.G76 GRO _b1 |
||
| 100 | _aKOHLI S. HARINDER ED. | ||
| 245 |
_aGROWTH AND DEVELOPMENT IN EMERGING MARKET ECONOMIES: _bINTERNATIONAL PRIVATE CAPITAL FLOWS , FINANCIAL MARKETSV AND GLOBALIZATION |
||
| 260 |
_aLOS ANGELES _bSAGE _c2008 |
||
| 300 | _a369p | ||
| 500 | _aDiagrams, | ||
| 942 |
_2lcc _cBK _n0 |
||
| 999 |
_c9073 _d9073 |
||